Reports of international arbitral awards : recueil des sentences arbitrales : volume XXII (Record no. 45855)

MARC details
000 -LEADER
fixed length control field 00550 a2200217 4500
037 ## - SOURCE OF ACQUISITION
Source of stock number/acquisition 1, DON KEKE
037 ## - SOURCE OF ACQUISITION
Stock number 08/358
020 ## - NUMERO INTERNATIONAL NORMALISE DES LIVRES
International Standard Book Number 92-1-033083-8
100 ## - VEDETTE PRINCIPALE - NOM DE PERSONNE
Language of a work Fr
260 ## - PUBLICATION, DISTRIBUTION, ETC. (IMPRINT)
Place of publication, distribution, etc New York
260 ## - PUBLICATION, DISTRIBUTION, ETC. (IMPRINT)
Name of publisher, distributor, etc Ed. Nations Unies
245 ## - TITLE STATEMENT
Title Reports of international arbitral awards : recueil des sentences arbitrales : volume XXII
260 ## - PUBLICATION, DISTRIBUTION, ETC. (IMPRINT)
Date of publication, distribution, etc 2001
300 ## - PHYSICAL DESCRIPTION
Extent 416 p
300 ## - PHYSICAL DESCRIPTION
Other physical details 25 cm
630 ## - SUBJECT ADDED ENTRY--UNIFORM TITLE
Uniform title 34 - Droit. Jurisprudence. Legislation
650 ## - SUBJECT ADDED ENTRY--TOPICAL TERM
Topical term or geographic name as entry element 3 - SCIENCES SOCIALES
650 ## - SUBJECT ADDED ENTRY--TOPICAL TERM
Topical term or geographic name as entry element Droit International
Holdings
Withdrawn status Lost status Damaged status Not for loan Location (home branch) Sublocation or collection (holding branch) Date acquired Koha issues (times borrowed) Koha full call number Koha date last seen Price effective from Koha item type
        Bibliothèque Universitaire Centrale Bibliothèque Universitaire Centrale 28/02/2009   347.951.3 REP 28/02/2009 28/02/2009 Livre


© 2008, Bibliothèques de l'Université d'Abomey-Calavi

04 BP 789 Cotonou, Tél. : +229 21 36 01 01, Fax : +229 21 35 06 32

Courriel : bu@bu.uac.bj